[Event "IV Festival Citta' di Varese"]
[Site "Varese ITA"]
[Date "2004.09.25"]
[Round "1"]
[White "Lanza, Francesco Paolo"]
[Black "Arboscelli, Gregorio"]
[Result "0-1"]
[WhiteElo "1580"]
[BlackElo "1897"]
[PlyCount "80"]
[EventDate "2004.09.25"]

1. e4 c5 2. Nf3 d6 3. d4 cxd4 4. Nxd4 Nf6 5. Nc3 a6 6. Bc4 e6 7. Bg5 Be7 8. O-O
O-O 9. a4 Nc6 10. Re1 Qb6 11. Nxc6 Qxc6 12. Bd3 b6 13. Nd5 exd5 14. exd5 Qd7
15. c4 h6 16. Bh4 Bd8 17. Re2 Re8 18. Qe1 Rxe2 19. Qxe2 Qg4 20. Re1 Qxe2 21.
Rxe2 Kf8 22. f4 Bg4 23. Re3 Nxd5 24. Rg3 Nxf4 25. Bxd8 Rxd8 26. Re3 Re8 27.
Rxe8+ Kxe8 28. Be4 a5 29. Kf2 Bd1 30. Ke3 Ne6 31. Bc6+ Ke7 32. Kd2 Nd4 33. Kxd1
Nxc6 34. Kd2 Ke6 35. Ke3 Ke5 36. h3 f5 37. Kf3 g5 38. g3 f4 39. Kf2 Ke4 40. b3
Nd4 0-1

[Event "IV Festival Citta' di Varese"]
[Site "Varese ITA"]
[Date "2004.09.25"]
[Round "1"]
[White "Maroni, Luca"]
[Black "Demarco, Mattia"]
[Result "1-0"]
[WhiteElo "1700"]
[BlackElo "1440"]
[PlyCount "69"]
[EventDate "2004.09.25"]

1. e4 e5 2. Nf3 Nc6 3. Bc4 Bc5 4. c3 d6 5. d4 Bb6 6. d5 Nce7 7. Bg5 h6 8. Bh4
Bg4 9. Bb5+ Bd7 10. Ba4 g5 11. Bg3 c5 12. Nbd2 Qc7 13. Nc4 Nf6 14. Nxd6+ Kd8
15. Nxf7+ Kc8 16. Bxe5 Bxa4 17. Qxa4 Qd7 18. Qxd7+ Kxd7 19. Bxf6 Rhf8 20. N3e5+
Ke8 21. Nd6+ Kd8 22. Nxb7+ Ke8 23. Nd6+ Kd8 24. Bxe7+ Kxe7 25. Nf5+ Kf6 26.
Nd7+ Kg6 27. Nxf8+ Rxf8 28. O-O-O c4 29. f3 a5 30. Nd6 a4 31. Nxc4 Bc5 32. Ne5+
Kh5 33. g4+ Kh4 34. Ng6+ Kh3 35. Nxf8 1-0

[Event "IV Festival Citta' di Varese"]
[Site "Varese ITA"]
[Date "2004.09.25"]
[Round "1"]
[White "Piazza, Angelo"]
[Black "Cervini, Gian Piero"]
[Result "1-0"]
[WhiteElo "1867"]
[BlackElo "1545"]
[PlyCount "53"]
[EventDate "2004.09.25"]

1. c4 e5 2. Nc3 Nf6 3. g3 d5 4. cxd5 Nxd5 5. Bg2 Be6 6. Nf3 Nc6 7. O-O Be7 8.
d3 h5 9. h4 f6 10. Re1 Qd7 11. d4 Bb4 12. Bd2 exd4 13. Nb5 Bc5 14. Rc1 Bb6 15.
Qc2 O-O-O 16. a4 Ndb4 17. Bxb4 Nxb4 18. Qd2 Nc6 19. b4 a5 20. bxa5 Nxa5 21.
Nxc7 Nc4 22. Nxe6 Qxe6 23. Rxc4+ Qxc4 24. Rc1 Qxc1+ 25. Qxc1+ Kb8 26. Qb2 Ba7
27. Ne5 1-0

[Event "IV Festival Citta' di Varese"]
[Site "Varese ITA"]
[Date "2004.09.25"]
[Round "1"]
[White "Taglione, Giuseppe"]
[Black "Bettini, Massimo"]
[Result "0-1"]
[WhiteElo "1511"]
[BlackElo "1829"]
[PlyCount "44"]
[EventDate "2004.09.25"]

1. e4 e5 2. Nf3 Nc6 3. Bb5 f5 4. d3 fxe4 5. dxe4 Nf6 6. Bxc6 bxc6 7. Bg5 d6 8.
h3 Ba6 9. Nbd2 Be7 10. c4 Rb8 11. b3 O-O 12. O-O Qe8 13. Re1 Qg6 14. Bh4 Rf7
15. Kh1 h6 16. Nh2 Rbf8 17. Bxf6 Bxf6 18. Qg4 Qh7 19. h4 Be7 20. f3 Rf4 21.
Qe6+ Kh8 22. g3 Bc8 0-1

[Event "IV Festival Citta' di Varese"]
[Site "Varese ITA"]
[Date "2004.09.26"]
[Round "2"]
[White "Aranovitch, Emiliano"]
[Black "Maroni, Luca"]
[Result "0-1"]
[WhiteElo "2311"]
[BlackElo "1700"]
[PlyCount "92"]
[EventDate "2004.09.25"]

1. e4 e5 2. Nf3 Nc6 3. Bb5 a6 4. Ba4 Nf6 5. O-O b5 6. Bb3 Be7 7. Re1 d6 8. c3
O-O 9. d3 Na5 10. Bc2 c5 11. Nbd2 Be6 12. Nf1 Nc6 13. Ne3 h6 14. d4 exd4 15.
cxd4 cxd4 16. Nxd4 Nxd4 17. Qxd4 Qc7 18. Bb3 Qc5 19. Qd3 Rfe8 20. Bd2 Bxb3 21.
axb3 Bf8 22. Nf5 Re6 23. Rac1 Qb6 24. Bc3 Rae8 25. Bd4 Qd8 26. f3 d5 27. e5 Nd7
28. f4 Nb8 29. Red1 g6 30. Ne3 Nc6 31. Bc5 d4 32. Bxf8 Kxf8 33. Qe4 Nxe5 34.
Rxd4 Nf3+ 35. gxf3 Rxe4 36. Rxd8 Rxe3 37. Rxe8+ Kxe8 38. Kf2 Rxb3 39. Ra1 Rxb2+
40. Kg3 b4 41. Rxa6 b3 42. f5 Rb1 43. fxg6 fxg6 44. Kf4 g5+ 45. Kf5 Rf1 46. Ke6
Re1+ 0-1

[Event "IV Festival Citta' di Varese"]
[Site "Varese ITA"]
[Date "2004.09.26"]
[Round "2"]
[White "Bertrecchi, Corrado"]
[Black "Della Rocca, Luigi"]
[Result "0-1"]
[WhiteElo "1461"]
[BlackElo "1796"]
[PlyCount "66"]
[EventDate "2004.09.25"]

1. d4 Nf6 2. Nd2 g6 3. e4 d5 4. e5 Nfd7 5. Ndf3 c5 6. c3 Nc6 7. Bf4 Qa5 8. Bd2
Qb6 9. Bc1 e6 10. Ng5 cxd4 11. Nxf7 Kxf7 12. Qf3+ Kg7 13. Nh3 Ndxe5 14. Qf4 Be7
15. Qh6+ Kf7 16. Be2 d3 17. Bd1 Nc4 18. O-O d2 19. Bxd2 Nxd2 20. Qxd2 Kg7 21.
b4 Rf8 22. Rb1 Bd7 23. Bg4 Ne5 24. Be2 Bb5 25. Bxb5 Qxb5 26. Rbe1 Bf6 27. Nf4
Rae8 28. Re2 Qc4 29. h4 Qc6 30. f3 Qd6 31. h5 Nc4 32. h6+ Kg8 33. Rfe1 Nxd2 0-1

[Event "IV Festival Citta' di Varese"]
[Site "Varese ITA"]
[Date "2004.09.26"]
[Round "2"]
[White "Gervasi, Luigi Santo"]
[Black "Centofante, Maria Rosa"]
[Result "1-0"]
[WhiteElo "1730"]
[BlackElo "1397"]
[PlyCount "135"]
[EventDate "2004.09.25"]

1. e4 d5 2. exd5 Qxd5 3. Nf3 Nf6 4. Nc3 Qa5 5. d4 c6 6. h3 Bf5 7. Bc4 e6 8. O-O
Bd6 9. Re1 O-O 10. Nh4 Nbd7 11. Nxf5 Qxf5 12. Bd3 Qa5 13. Ne4 Qc7 14. Bg5 Be7
15. Nxf6+ Bxf6 16. Qh5 g6 17. Qh4 Bxg5 18. Qxg5 Rfe8 19. h4 Kg7 20. h5 h6 21.
Qh4 Qd8 22. Qg3 Qg5 23. Qxg5 hxg5 24. hxg6 fxg6 25. g4 Nf6 26. f3 Rac8 27. Bc4
Kf7 28. c3 b5 29. Bb3 a5 30. a3 a4 31. Ba2 Nd5 32. Kf2 Nf4 33. Rh1 Nd3+ 34. Ke3
Nxb2 35. Rh7+ Kf6 36. Rb1 Nc4+ 37. Bxc4 bxc4 38. Rb4 e5 39. dxe5+ Rxe5+ 40. Kf2
Ra8 41. Rxc4 c5 42. Rc7 Ra5 43. Rc6+ Kf7 44. Kg3 Rd5 45. Re4 Rd3 46. Rc7+ Kf6
47. Rc4 Rd5 48. Rc8 Kf7 49. Kf2 Ke6 50. Ke3 Re5+ 51. Re4 Rxe4+ 52. Kxe4 Kd7 53.
Rg8 Ra6 54. Rg7+ Ke8 55. Ke5 Kf8 56. Rc7 Ra5 57. c4 Ke8 58. Kd5 Kf8 59. Rxc5
Ra6 60. Rc6 Ra5+ 61. Kd6 Kf7 62. Rb6 Ra7 63. Kc6 Ra8 64. c5 Ra5 65. Rb5 Ra6+
66. Kb7 Re6 67. c6 Ke7 68. c7 1-0

[Event "IV Festival Citta' di Varese"]
[Site "Varese ITA"]
[Date "2004.09.26"]
[Round "2"]
[White "Novi', Giuseppe"]
[Black "Piazza, Angelo"]
[Result "0-1"]
[WhiteElo "1688"]
[BlackElo "1867"]
[PlyCount "66"]
[EventDate "2004.09.25"]

1. e4 Nf6 2. e5 Nd5 3. d4 d6 4. c4 Nb6 5. exd6 exd6 6. Bd3 Nc6 7. Be3 Be7 8.
Nd2 O-O 9. h3 Bf6 10. Ngf3 Nb4 11. Bb1 c5 12. a3 cxd4 13. Nxd4 Nc6 14. N2f3 g6
15. Bd3 d5 16. c5 Nd7 17. Rc1 Qe7 18. O-O Nxd4 19. Nxd4 Ne5 20. Bb1 Nc4 21.
Rxc4 dxc4 22. Qc2 Bg5 23. Re1 Bxe3 24. Rxe3 Qxc5 25. Qc3 Bd7 26. Nf3 Rfe8 27.
Ne5 Be6 28. Rg3 Rad8 29. Bxg6 fxg6 30. Nxg6 Qd4 31. Ne5+ Kh8 32. Qa5 Rd5 33.
Qa4 b5 0-1

[Event "C.to Regionale Valle d'Aosta"]
[Site "Arvier ITA"]
[Date "2004.09.12"]
[Round "3"]
[White "Marguerettaz, Davy"]
[Black "Yeuillaz, Corrado"]
[Result "0-1"]
[WhiteElo "1601"]
[BlackElo "2177"]
[PlyCount "54"]
[EventDate "2004.09.11"]

1. e4 c5 2. Nf3 Nc6 3. d4 cxd4 4. Nxd4 Nf6 5. Nc3 e5 6. Nb3 d6 7. Be2 Be7 8.
O-O O-O 9. f4 a6 10. a4 b6 11. Bf3 Bb7 12. Nd5 exf4 13. Bxf4 Ne5 14. Bxe5 dxe5
15. c4 Rc8 16. Rc1 Nxd5 17. cxd5 Bg5 18. Rxc8 Qxc8 19. a5 b5 20. Bg4 Qc4 21.
Re1 g6 22. Nd2 Qd4+ 23. Kh1 Qxd2 24. Qa1 f5 25. exf5 Bxd5 26. Bf3 Bxf3 27. gxf3
Bf4 0-1

[Event "C.to Regionale Valle d'Aosta"]
[Site "Arvier ITA"]
[Date "2004.09.12"]
[Round "3"]
[White "Turino, Luca"]
[Black "Guerrieri, Lorenzo"]
[Result "0-1"]
[WhiteElo "1700"]
[BlackElo "2208"]
[PlyCount "44"]
[EventDate "2004.09.11"]

1. d4 Nf6 2. c4 e6 3. a3 d5 4. Nc3 c5 5. cxd5 exd5 6. Bf4 cxd4 7. Qxd4 Nc6 8.
Qd3 Bc5 9. Nf3 O-O 10. e3 d4 11. exd4 Nxd4 12. Nxd4 Qxd4 13. Qxd4 Bxd4 14. Bb5
a6 15. Ba4 b5 16. Bd1 Re8+ 17. Kf1 Bf5 18. Bf3 Bxc3 19. bxc3 Rac8 20. Bb7 Rxc3
21. Bxa6 Bd3+ 22. Kg1 Rxa3 0-1

[Event "C.to Regionale Valle d'Aosta"]
[Site "Arvier ITA"]
[Date "2004.09.18"]
[Round "4"]
[White "Yeuillaz, Corrado"]
[Black "Guerrieri, Lorenzo"]
[Result "1/2-1/2"]
[WhiteElo "2177"]
[BlackElo "2208"]
[PlyCount "113"]
[EventDate "2004.09.11"]

1. e4 e5 2. Nf3 Nc6 3. Bb5 a6 4. Bxc6 dxc6 5. O-O Bg4 6. Re1 Qf6 7. d3 Bd6 8.
Nbd2 Ne7 9. Nc4 Ng6 10. h3 Bxf3 11. Qxf3 Qxf3 12. gxf3 Nh4 13. Nd2 O-O 14. Kf1
Rae8 15. Ke2 f5 16. Rg1 fxe4 17. dxe4 Re6 18. Rg4 Be7 19. b3 h5 20. Rg3 Bb4 21.
Nf1 Rg6 22. Nh2 Rxg3 23. fxg3 Ng6 24. h4 Rd8 25. Nf1 Bc3 26. Rb1 Nf8 27. Bg5
Rd7 28. Rd1 Rxd1 29. Kxd1 Ne6 30. Be3 Bb4 31. Ke2 g6 32. Nd2 Be7 33. Nc4 Bf6
34. Na5 Nd8 35. Nc4 Kf7 36. Nb2 b6 37. b4 Ke6 38. Kd3 Nb7 39. Nc4 Be7 40. c3 c5
41. bxc5 Bxc5 42. f4 exf4 43. Bxf4 Bd6 44. Ne3 Be5 45. Nd5 Nc5+ 46. Ke3 Na4 47.
Nxc7+ Bxc7 48. Bxc7 Nxc3 49. Bxb6 Nxa2 50. Kf4 Nc3 51. Ba5 Ne2+ 52. Kg5 Nxg3
53. Kxg6 Nxe4 54. Kxh5 Kf5 55. Kh6 Kg4 56. Bd8 a5 57. Bxa5 1/2-1/2

[Event "II Torneo Hotel Petra"]
[Site "Roma ITA"]
[Date "2004.09.11"]
[Round "1"]
[White "Ferretti, Folco"]
[Black "Vocaturo, Daniele"]
[Result "0-1"]
[WhiteElo "2287"]
[BlackElo "2221"]
[PlyCount "86"]
[EventDate "2004.09.11"]

1. e4 c5 2. Nc3 Nc6 3. g3 g6 4. Bg2 Bg7 5. d3 d6 6. Be3 e6 7. Qd2 Nge7 8. Bh6
Bxh6 9. Qxh6 Nd4 10. O-O-O Qa5 11. Qg7 Rf8 12. Nf3 e5 13. Ng5 Ne6 14. Nxe6 Bxe6
15. Kb1 Rc8 16. Nd5 Bxd5 17. exd5 c4 18. dxc4 Rxc4 19. Qf6 Ra4 20. Qxd6 Rxa2
21. Qb8+ Kd7 22. Qxb7+ Kd6 23. c3 Qa4 24. Qb4+ Qxb4 25. cxb4 Ra4 26. Rd3 Rxb4
27. Ra3 Rfb8 28. Ra2 a5 29. Rd1 a4 30. Rd3 Nc8 31. Rc3 Nb6 32. Rc6+ Kd7 33. Kc1
e4 34. Rf6 Nxd5 35. Rxf7+ Ke6 36. Rxh7 Rc8+ 37. Kb1 Nc3+ 38. Ka1 Rd8 39. Bh3+
Kf6 40. Rd7 Rxd7 41. Bxd7 Nxa2 42. Kxa2 Rd4 43. Bc6 Ke5 0-1

[Event "II Torneo Hotel Petra"]
[Site "Roma ITA"]
[Date "2004.09.11"]
[Round "1"]
[White "Marzano, Carlo"]
[Black "Miladinovic, Igor"]
[Result "0-1"]
[WhiteElo "2244"]
[BlackElo "2630"]
[PlyCount "80"]
[EventDate "2004.09.11"]

1. d4 d5 2. c4 e6 3. Nc3 Nf6 4. Bg5 Be7 5. e3 O-O 6. Nf3 a6 7. a3 dxc4 8. Bxc4
b5 9. Be2 Bb7 10. O-O Nbd7 11. Rc1 h6 12. Bh4 c5 13. dxc5 Nxc5 14. Qxd8 Rfxd8
15. Nd4 Rac8 16. Rfd1 Kf8 17. b4 g5 18. Bg3 Rxd4 19. exd4 Nb3 20. Rc2 Ne4 21.
Rd3 Nxg3 22. Rxg3 Nxd4 23. Rd2 Bf6 24. Bf1 Nf5 25. Rgd3 Bxc3 26. Rc2 Bd4 27.
Rxc8+ Bxc8 28. g4 Nh4 29. Bg2 e5 30. h3 Nxg2 31. Kxg2 Be6 32. f3 Ke7 33. Rd2
Bb3 34. h4 Ke6 35. hxg5 hxg5 36. Kg3 Kd5 37. Rh2 e4 38. fxe4+ Kxe4 39. Re2+ Be3
40. Re1 Kd3 0-1

[Event "II Torneo Hotel Petra"]
[Site "Roma ITA"]
[Date "2004.09.11"]
[Round "1"]
[White "Shchekachev, Andrei"]
[Black "Mrdja, Milan"]
[Result "1/2-1/2"]
[WhiteElo "2555"]
[BlackElo "2432"]
[PlyCount "26"]
[EventDate "2004.09.11"]

1. e4 e5 2. Nf3 Nc6 3. Bb5 a6 4. Ba4 Nf6 5. O-O Be7 6. Re1 b5 7. Bb3 d6 8. c3
O-O 9. h3 Re8 10. d4 Bb7 11. Ng5 Rf8 12. Nf3 Re8 13. Ng5 Rf8 1/2-1/2

[Event "II Torneo Hotel Petra"]
[Site "Roma ITA"]
[Date "2004.09.12"]
[Round "2"]
[White "Collutiis, Duilio"]
[Black "Miladinovic, Igor"]
[Result "0-1"]
[WhiteElo "2387"]
[BlackElo "2630"]
[PlyCount "46"]
[EventDate "2004.09.11"]

1. e4 c6 2. d3 d5 3. Nd2 e5 4. Ngf3 Bd6 5. Be2 Ne7 6. d4 exd4 7. Nxd4 O-O 8.
exd5 Nxd5 9. N2f3 Nf4 10. Bxf4 Bxf4 11. c3 Qf6 12. g3 Bh6 13. O-O c5 14. Nb5
Rd8 15. Qa4 Bd7 16. Qc4 Bc6 17. Qg4 a6 18. Na3 Re8 19. Rae1 Nd7 20. Bd1 b5 21.
Nc2 g6 22. Ne3 Qg7 23. Bb3 Nf6 0-1

[Event "II Torneo Hotel Petra"]
[Site "Roma ITA"]
[Date "2004.09.12"]
[Round "2"]
[White "De Blasio, Massimo"]
[Black "Marzano, Carlo"]
[Result "1/2-1/2"]
[WhiteElo "2244"]
[BlackElo "2244"]
[PlyCount "28"]
[EventDate "2004.09.11"]

1. e4 Nc6 2. d4 e5 3. dxe5 Nxe5 4. f4 Ng6 5. Bc4 Bb4+ 6. c3 Bd6 7. Nf3 Qe7 8.
O-O b5 9. Bxb5 Bxf4 10. Bxf4 Nxf4 11. Nd4 Ng6 12. Kh1 Nh6 13. Nd2 Bb7 14. Qh5
O-O-O 1/2-1/2

[Event "II Torneo Hotel Petra"]
[Site "Roma ITA"]
[Date "2004.09.12"]
[Round "2"]
[White "Djuric, Stefan"]
[Black "Ferretti, Folco"]
[Result "1-0"]
[WhiteElo "2511"]
[BlackElo "2287"]
[PlyCount "61"]
[EventDate "2004.09.11"]

1. e4 e5 2. Nf3 Nc6 3. Bb5 a6 4. Ba4 Nf6 5. O-O Nxe4 6. d4 b5 7. Bb3 d5 8. dxe5
Be6 9. c3 Bc5 10. Qe2 O-O 11. Be3 Qe7 12. Nbd2 Nxd2 13. Qxd2 Na5 14. Bxc5 Qxc5
15. Bc2 Nc4 16. Qd3 g6 17. b3 Bf5 18. Qe2 Bxc2 19. Qxc2 Nb6 20. Qd2 Rfe8 21.
Rfe1 Qf8 22. h4 Rad8 23. h5 c5 24. hxg6 hxg6 25. Qf4 Qg7 26. Rad1 Re6 27. Ng5
Re7 28. Ne4 Rc7 29. Nf6+ Kf8 30. Qg5 Re7 31. Re3 1-0

[Event "II Torneo Hotel Petra"]
[Site "Roma ITA"]
[Date "2004.09.12"]
[Round "2"]
[White "Mrdja, Milan"]
[Black "Corvi, Marco"]
[Result "1/2-1/2"]
[WhiteElo "2432"]
[BlackElo "2323"]
[PlyCount "28"]
[EventDate "2004.09.11"]

1. e4 e5 2. Nf3 Nf6 3. Nxe5 d6 4. Nf3 Nxe4 5. Qe2 Qe7 6. d3 Nf6 7. Bg5 Nbd7 8.
Nc3 c6 9. O-O-O Qxe2 10. Bxe2 Be7 11. Nd4 Nc5 12. Rhe1 O-O 13. Bf3 Bd8 14. a3
h6 1/2-1/2

[Event "II Torneo Hotel Petra"]
[Site "Roma ITA"]
[Date "2004.09.12"]
[Round "2"]
[White "Vocaturo, Daniele"]
[Black "Shchekachev, Andrei"]
[Result "0-1"]
[WhiteElo "2221"]
[BlackElo "2555"]
[PlyCount "92"]
[EventDate "2004.09.11"]

1. e4 c5 2. Nf3 e6 3. d4 cxd4 4. Nxd4 a6 5. Bd3 Bc5 6. Nb3 Be7 7. O-O d6 8. c4
b6 9. Nc3 Nf6 10. Be3 Bb7 11. f4 O-O 12. Qe2 Nbd7 13. g4 g6 14. a4 Nc5 15. Nxc5
bxc5 16. Rad1 Qc7 17. Bf2 Nd7 18. Bb1 Rad8 19. Bg3 Rfe8 20. e5 f5 21. exf6 Bxf6
22. Ne4 Bd4+ 23. Bf2 d5 24. Ng5 Bxf2+ 25. Rxf2 Nf8 26. Qe5 Qg7 27. Rfd2 Qxe5
28. fxe5 Nd7 29. Re1 h6 30. Nf3 d4 31. Be4 Rb8 32. g5 Rf8 33. Nh4 Rf4 34. Bxb7
Rxb7 35. Nxg6 Rg4+ 36. Kh1 Kf7 37. h3 Rg3 38. Nf4 hxg5 39. Nd3 Rb3 40. Nf2 Ke7
41. a5 Rge3 42. Rde2 Nxe5 43. Ne4 Rxh3+ 44. Kg2 Ng6 45. Nxc5 Nf4+ 46. Kf1 Rh1+
0-1

[Event "II Torneo Hotel Petra"]
[Site "Roma ITA"]
[Date "2004.09.13"]
[Round "3"]
[White "Corvi, Marco"]
[Black "Vocaturo, Daniele"]
[Result "1-0"]
[WhiteElo "2323"]
[BlackElo "2221"]
[PlyCount "99"]
[EventDate "2004.09.11"]

1. e4 c5 2. Nf3 d6 3. Bb5+ Nd7 4. O-O Ngf6 5. Re1 a6 6. Bf1 e5 7. c3 Be7 8. d4
O-O 9. a4 b6 10. Nbd2 Bb7 11. d5 Re8 12. g3 Bf8 13. Nh4 g6 14. Ra3 Bg7 15. Rb3
Qc7 16. c4 Nf8 17. Bh3 h6 18. Qc2 N8h7 19. f4 exf4 20. gxf4 Bc8 21. Bxc8 Qxc8
22. Ndf3 Qh3 23. e5 dxe5 24. fxe5 Ng4 25. Qg2 Qxg2+ 26. Kxg2 Bxe5 27. h3 Bf6
28. Rxe8+ Rxe8 29. hxg4 Re4 30. Kg3 Ng5 31. Nxg5 Rxc4 32. Be3 hxg5 33. Nf3 Rxa4
34. Rxb6 Kg7 35. Bxc5 Ra5 36. b4 Ra3 37. Bf8+ Kxf8 38. Rxf6 Rd3 39. Rxa6 Rxd5
40. Ra5 Rd3 41. Rxg5 Rb3 42. Rb5 Ke7 43. g5 Kd6 44. Kf4 Rb1 45. Rb7 Ke6 46. Ke4
f5+ 47. Kf4 Rf1 48. Rb6+ Kf7 49. b5 Kg7 50. Rd6 1-0

[Event "II Torneo Hotel Petra"]
[Site "Roma ITA"]
[Date "2004.09.13"]
[Round "3"]
[White "Ferretti, Folco"]
[Black "Collutiis, Duilio"]
[Result "1/2-1/2"]
[WhiteElo "2287"]
[BlackElo "2387"]
[PlyCount "104"]
[EventDate "2004.09.11"]

1. c4 g6 2. Nc3 Bg7 3. g3 e5 4. Bg2 d6 5. d3 Nf6 6. Nf3 O-O 7. O-O h6 8. Rb1 a5
9. a3 Re8 10. Nd2 c6 11. b4 axb4 12. axb4 d5 13. b5 Be6 14. Bb2 Nbd7 15. Qc2
Qc7 16. Rfc1 d4 17. Nce4 Nh7 18. c5 Rf8 19. Nd6 Rab8 20. Nxb7 Rxb7 21. bxc6
Rxb2 22. Rxb2 Ndf6 23. Ra1 Bd5 24. Ra6 Qc8 25. Rb7 Bxg2 26. Kxg2 Ng5 27. Rba7
Qh3+ 28. Kg1 Qf5 29. f3 Nd5 30. Qc1 h5 31. Ne4 Bh6 32. Nxg5 Bxg5 33. Qf1 Ne3
34. Qf2 Qh3 35. c7 Nd5 36. Qg2 Be3+ 37. Kh1 Qd7 38. f4 Nxc7 39. Rc6 Rb8 40. Rb6
Rc8 41. fxe5 Qe8 42. Qe4 Ne6 43. c6 Qd8 44. Rb1 Ng5 45. Qg2 Qe8 46. h4 Ne6 47.
Rbb7 Nd8 48. Re7 Qxc6 49. Rad7 Qxg2+ 50. Kxg2 Kf8 51. e6 Nxe6 52. Rxf7+ Kg8
1/2-1/2

[Event "II Torneo Hotel Petra"]
[Site "Roma ITA"]
[Date "2004.09.13"]
[Round "3"]
[White "Marzano, Carlo"]
[Black "Mrdja, Milan"]
[Result "0-1"]
[WhiteElo "2244"]
[BlackElo "2432"]
[PlyCount "68"]
[EventDate "2004.09.11"]

1. d4 g6 2. e4 Bg7 3. Nc3 d6 4. Be3 a6 5. Qd2 Nd7 6. f3 e6 7. g4 h5 8. g5 Ne7
9. h4 d5 10. Nge2 b5 11. Ng3 Bb7 12. Bg2 O-O 13. O-O c5 14. exd5 Nxd5 15. Nxd5
Bxd5 16. c3 cxd4 17. Bxd4 Bxd4+ 18. Qxd4 Qc7 19. f4 Bxg2 20. Kxg2 e5 21. fxe5
Nxe5 22. Ne4 Rad8 23. Nf6+ Kg7 24. Nd5 Rxd5 25. Qxd5 Rd8 26. Qe4 Ng4 27. Rf4
Rd2+ 28. Kf3 Qc5 29. Kg3 Ne3 30. Re1 Nf5+ 31. Kh3 Rxb2 32. c4 Rf2 33. Rxf2 Qxf2
34. Qe5+ Kh7 0-1

[Event "II Torneo Hotel Petra"]
[Site "Roma ITA"]
[Date "2004.09.13"]
[Round "3"]
[White "Miladinovic, Igor"]
[Black "De Blasio, Massimo"]
[Result "1-0"]
[WhiteElo "2630"]
[BlackElo "2244"]
[PlyCount "79"]
[EventDate "2004.09.11"]

1. d4 d5 2. c4 e6 3. Nc3 Nf6 4. cxd5 exd5 5. Bg5 Be7 6. e3 c6 7. Bd3 Nbd7 8. h3
O-O 9. Qc2 Re8 10. Nf3 Nf8 11. Bf4 Bd6 12. Bxd6 Qxd6 13. O-O-O Be6 14. Kb1 b5
15. Rc1 Rac8 16. g4 a6 17. Rhd1 Qe7 18. Ne2 N6d7 19. Ng3 Nb6 20. b3 g6 21. Qc5
Qb7 22. Nf5 Nc4 23. Nd6 Nxd6 24. Qxd6 Red8 25. Qf4 Qe7 26. h4 a5 27. Ne5 a4 28.
Nxc6 Qa3 29. b4 Rxc6 30. Rxc6 Qxb4+ 31. Ka1 a3 32. Rc2 Rc8 33. Rb1 Qa5 34. Rxc8
Bxc8 35. Rb3 Qe1+ 36. Bb1 h5 37. f3 b4 38. Qb8 Ba6 39. Qxb4 Qxh4 40. Qxa3 1-0

[Event "II Torneo Hotel Petra"]
[Site "Roma ITA"]
[Date "2004.09.13"]
[Round "3"]
[White "Shchekachev, Andrei"]
[Black "Djuric, Stefan"]
[Result "1-0"]
[WhiteElo "2555"]
[BlackElo "2511"]
[PlyCount "99"]
[EventDate "2004.09.11"]

1. Nf3 Nf6 2. c4 c6 3. Nc3 d6 4. e4 e5 5. d4 Nbd7 6. Be2 Be7 7. O-O O-O 8. Be3
a6 9. d5 cxd5 10. cxd5 b5 11. Nd2 Nb6 12. a4 bxa4 13. Nxa4 Nxa4 14. Rxa4 Bd7
15. Ra3 Bb5 16. f3 Nh5 17. Bxb5 axb5 18. Rxa8 Qxa8 19. Qb3 Qa5 20. Rc1 Nf4 21.
Kf1 Ra8 22. g3 Ng6 23. Qc3 Qd8 24. Qc6 h5 25. h4 Rb8 26. Qc7 Qe8 27. Nb3 Ra8
28. Qc6 Qf8 29. Qd7 Qb8 30. Na5 b4 31. Rc7 Kh7 32. Rb7 Qf8 33. Nc6 Ra1+ 34. Kg2
Qd8 35. Ba7 Ra2 36. Rb8 Rxb2+ 37. Kf1 Qxb8 38. Bxb8 b3 39. Qb7 Bxh4 40. gxh4
Nf4 41. Bxd6 Rb1+ 42. Kf2 Rb2+ 43. Ke1 Ng2+ 44. Kd1 Ne3+ 45. Kc1 Nc4 46. Bxe5
Rc2+ 47. Kd1 Rd2+ 48. Ke1 b2 49. Bxb2 Rxb2 50. Qxf7 1-0

[Event "II Torneo Hotel Petra"]
[Site "Roma ITA"]
[Date "2004.09.14"]
[Round "4"]
[White "Collutiis, Duilio"]
[Black "De Blasio, Massimo"]
[Result "1/2-1/2"]
[WhiteElo "2387"]
[BlackElo "2244"]
[PlyCount "45"]
[EventDate "2004.09.11"]

1. e4 c5 2. Nf3 Nc6 3. d4 cxd4 4. Nxd4 g6 5. c4 Bg7 6. Be3 Nf6 7. Nc3 O-O 8.
Be2 b6 9. O-O Bb7 10. f3 e6 11. Ndb5 d5 12. exd5 exd5 13. c5 Qe7 14. Bf2 bxc5
15. Re1 d4 16. Na4 Nd7 17. Bf1 Qf6 18. Rc1 Rfe8 19. Nxc5 Nxc5 20. Rxc5 Rxe1 21.
Qxe1 a6 22. Bh4 Qf4 23. Bg5 1/2-1/2

[Event "II Torneo Hotel Petra"]
[Site "Roma ITA"]
[Date "2004.09.14"]
[Round "4"]
[White "Djuric, Stefan"]
[Black "Corvi, Marco"]
[Result "1-0"]
[WhiteElo "2511"]
[BlackElo "2323"]
[PlyCount "113"]
[EventDate "2004.09.11"]

1. e4 c5 2. Nf3 e6 3. Nc3 a6 4. g3 Nc6 5. Bg2 d6 6. O-O Nf6 7. d4 cxd4 8. Nxd4
Qc7 9. Nxc6 bxc6 10. Na4 Be7 11. c4 O-O 12. c5 dxc5 13. Qc2 Nd7 14. Be3 Rb8 15.
Rac1 a5 16. Rfd1 Ba6 17. Bf4 e5 18. Be3 Rb4 19. a3 Rbb8 20. Bh3 Rfd8 21. Kg2 h6
22. Rd2 Bb5 23. Rcd1 Nf6 24. Nxc5 Rxd2 25. Rxd2 Rd8 26. f3 Rxd2+ 27. Qxd2 a4
28. Kf2 Qd6 29. Qc2 Nh7 30. Bf1 Ng5 31. Bxb5 cxb5 32. Nd3 Ne6 33. Nb4 Nd4 34.
Qc8+ Kh7 35. Nd5 Qc5 36. Nxe7 Qxe7 37. Bxd4 exd4 38. Qf5+ g6 39. Qxb5 Qa7 40.
Ke2 d3+ 41. Kxd3 Qf2 42. Qxa4 Qxb2 43. Qa7 Qb3+ 44. Ke2 Qc2+ 45. Kf1 Qb1+ 46.
Kg2 Qa2+ 47. Kh3 Qe6+ 48. g4 h5 49. Qe3 hxg4+ 50. fxg4 f5 51. e5 Qc4 52. gxf5
gxf5 53. Qg5 Qf1+ 54. Kh4 Qe1+ 55. Qg3 Qc1 56. Qf3 Kg6 57. Qh5+ 1-0

[Event "II Torneo Hotel Petra"]
[Site "Roma ITA"]
[Date "2004.09.14"]
[Round "4"]
[White "Ferretti, Folco"]
[Black "Shchekachev, Andrei"]
[Result "0-1"]
[WhiteElo "2287"]
[BlackElo "2555"]
[PlyCount "64"]
[EventDate "2004.09.11"]

1. e4 c5 2. Nc3 a6 3. g3 b5 4. Bg2 Bb7 5. d3 e6 6. Nge2 Nf6 7. O-O Qc7 8. f4 d6
9. h3 Be7 10. g4 g6 11. Ng3 Nc6 12. Be3 h6 13. a4 b4 14. Nce2 Nd7 15. Qd2 a5
16. c3 Nb6 17. Rfc1 Qd8 18. Qd1 e5 19. Qb3 Ba6 20. d4 Nc4 21. Bf2 bxc3 22. Rxc3
Rb8 23. Qc2 Rxb2 24. Qc1 Rb4 25. dxc5 dxc5 26. Be1 Nb2 27. Rf3 Nd3 28. Rxd3
Qxd3 29. Bxb4 axb4 30. fxe5 Bg5 31. Qd1 Nxe5 32. Qxd3 Nxd3 0-1

[Event "II Torneo Hotel Petra"]
[Site "Roma ITA"]
[Date "2004.09.14"]
[Round "4"]
[White "Mrdja, Milan"]
[Black "Miladinovic, Igor"]
[Result "0-1"]
[WhiteElo "2432"]
[BlackElo "2630"]
[PlyCount "74"]
[EventDate "2004.09.11"]

1. e4 c5 2. Nf3 Nc6 3. Bb5 e6 4. Bxc6 bxc6 5. Qe2 Ne7 6. d3 Ng6 7. h4 h5 8. e5
Rb8 9. Nbd2 Ba6 10. Nb3 f6 11. Qe4 f5 12. Qe3 c4 13. dxc4 Bxc4 14. Qxa7 c5 15.
Bg5 Qc8 16. Qa5 Bd5 17. Nbd2 Rb4 18. c4 Bxf3 19. Nxf3 Rxc4 20. O-O Rg4 21. Qc3
Qc6 22. Rad1 Be7 23. Bxe7 Nxe7 24. Rd6 Qa8 25. a3 Rh6 26. Kh1 Rhg6 27. Rg1 Qe4
28. Re1 Qb7 29. Rg1 c4 30. Rd4 Rxd4 31. Qxd4 Rg4 32. Qd6 Ng6 33. Rd1 Nf4 34.
Rd4 Nxg2 35. Qb4 Qa8 36. Rxg4 fxg4 37. Kxg2 gxf3+ 0-1